00765nam a2200193 a 450000100100000000500170001000800410002702000150006804000250008308200140010810000420012224500950016426000440025930000340030350000730033770000320041095201120044299900170055400004171320201002035720.0131016s2003 dr ac 000 0 spa d a9993497207 aDO-SdBNPbspacBNPHU axxxxbxxx1 aCruz Miolán, Juan Radhamés96853713aLa Rondalla UASD cuenta su historia. /cJuan Radhamés Cruz Miolán, Fermín A. Cruz M. aSanto Domingo, :bUniversitaria,c2003. a178 p. :bil, retr. ;c21 cm. aEn el 465 aniversario de la Universidad Autónoma de Santo Domingo.1 aCruz M., Fermín A.968538 0010718PDaPDbPDcCTd2013-10-16iLF1l0oxxxx xxxp41713-10r2020-06-25w2020-06-25yLFPDZNo se presta c41202d41202